All Danish Wars - Statistics

General Stats
  • This quiz has been taken 27 times
  • The average score is 39 of 123
Answer Stats
Years War % Correct
1939-1945 WW2
86%
1289-1295 Danish-Norweigan War
77%
1451-1457 | 1470-1471 | 1501-1512 | +3 others Dano-Swedish War
77%
1532 Invasion of Norway
77%
1563-1568 Polish-Swedish War
77%
1788-1790 Russo-Swedish War
77%
1521-1523 Swedish War of Liberation
77%
1448-1451 War of Norwegian Succession
77%
1015-1016 Conquest of Norway
68%
1028-1029 Invasion of Norway
68%
2003-2011 Iraq War
68%
2014-Present Syrian Civil War
68%
2002-2021 War in Afghanistan
68%
1665-1667 2nd Anglo-Dutch War
64%
974 | 1227 German-Danish War
64%
1950-1953 Korean War
64%
C.770 Wartooths Invasion of Sweden
64%
1538-1550 Icelandic Reformation
59%
1013 | 1016 | 865-878 | C.780-850 Invasion of England
59%
1809 Jorgen Jorgensen's Revolution
59%
2011 Libyan Civil War
59%
1848-1850 1st Schleswig War
55%
1864 2nd Schleswig War
55%
1798-1802 2nd Coalition
50%
1803-1806 3rd Coalition
50%
1806-1807 4th Coalition
50%
1809 5th Coalition
50%
1813-1814 6th Coalition
50%
1815 7th Coalition
50%
1801 | 1807 Battle of Copenhagen
50%
1808-1809 Franco-Swedish War
50%
1700-1720 Great Northern War
50%
1807-1814 Gunboat War
50%
1998-1999 Kosovo War
50%
1992-1995 Bosnian War
45%
1660-1664 Dano-Dutch Colonial War
45%
1031 Expedition to Scotland
45%
1990-1991 Gulf War
45%
1618-1648 Thirty Years War
45%
1657-1660 2nd Northern War
41%
1542 Italian War
41%
1203-1290 Livonian Crusade
41%
1189-1192 3rd Crusade
32%
1131-1157 Danish Civil War
32%
1191 Danish Crusade
32%
810-811 Invasion of Frisia
32%
1558-1583 Livonian War
32%
1563-1570 Northern Seven Years War
32%
1360 Invasion of Scania
27%
992 Invasion of Denmark
23%
1361 Invasion of Gotland
23%
1611-1613 Kalmar War
23%
1454-1466 Thirteen Years War
23%
1501-1503 War against King Hans
23%
1448-1449 War on Gotland
23%
1043 Conquest of Denmark
18%
1086 Peasant Rebellion
18%
1765 | 1800-1802 Peasants Rebellion
18%
1340-1360 Reunification of Denmark
18%
1642-1698 Dano-Mughal War
14%
1575-1577 Danzig Rebellion
14%
853 Invasion of Courland
14%
845 | 885-886 Siege of Paris
14%
1361-1365 1st Dano-Hanseatic War
9%
1426-1435 Dano-Hanseatic War
9%
1438-1441 Dutch-Hanseatic War
9%
1367-1370 Great Hanseatic War
9%
1256-1257 Halland War
9%
1540 | 1786-1787 Peasants Rebellion
9%
1733-1734 Slave Insurrection
9%
1848 Slave Rebellion
9%
1304-1310 Swedish Brothers Feud
9%
1992-1997 Tajikistani Civil War
9%
1392-1398 Victual Brothers War
9%
1144-1147 Wendish Crusade
9%
1973-2022 Whiskey War
9%
1204-1208 2nd Bagler War
5%
1666 2nd Swedish War on Bremen
5%
1276-1278 6000 Mark War
5%
1501-1504 Alvsson Rebellion
5%
1436 Amund Sigurdssons Rebellion
5%
1259-1261 Archbishop War
5%
961 Battle of Fitjar
5%
1756 Cattle War
5%
1534-1536 Count's Feud
5%
1542 Dacke War
5%
1770-1772 Danish-Algerian War
5%
1434-1436 Engelbrekt Rebellion
5%
1878 Fireburn
5%
813 Halfdan's Revolt
5%
1438 Hallvard Graatops Revolt
5%
1182 Harald Skraengs uprising
5%
1210 Invasion of Pomeralia
5%
1136 Invasion of Rugen
5%
1341-1343 Kalundborg War
5%
1826 Katamanso War
5%
986 Norwegian-Jomsviking War
5%
1536-1537 Olav Engelbrektsson's Rebellion
5%
859 Raid on Nekor
5%
1096 Raids on Halland
5%
1703-1711 Rakoczi's War of Independence
5%
1326 Rebellion of 1326
5%
1784 Sagbadre War
5%
1675-1679 Scanian War
5%
1343-1345 St George's Night Uprising
5%
980 Sweyns Revolt
5%
1788-1789 Theatre War
5%
1643-1645 Torstenson War
5%
1274-1275 War Against Valdemar Birgersson
5%
1326-1354 War of Rugen Succession
5%
No matching quizzes found
Score Distribution
Percent of People with Each Score
Percentile by Number Answered
Your Score History
You have not taken this quiz